| 000 | 00993nas a2200313 4500 | ||
|---|---|---|---|
| 001 | BR2014000825 | ||
| 003 | BR-BrBNA | ||
| 005 | 20231205123711.0 | ||
| 007 | ta | ||
| 008 | 230509b bl.|||p| |||| 00| 00por d | ||
| 040 |
_aBR-BrBNA _bpor _cBiblioteca Nacional de Agricultura |
||
| 041 | _a(Pt) | ||
| 072 | _aL02 | ||
| 100 | 1 | _aSousa, D.R. de | |
| 100 | 1 | _aZanini, S.F. | |
| 100 | 1 | _aMussi, J.M.S. | |
| 100 | 1 | _aMartins, J.D. | |
| 100 | 1 | _aFantuzzi, E. | |
| 100 | 1 | _aZanini, M.S. | |
| 245 | 1 | _aÓleo de aroeira vermelha e de suplementação de vitamina E em substituição aos promotores de crescimento sobre a microbiota intestinal de frangos de corte | |
| 650 | _aFRANGO DE CORTE | ||
| 650 | _aSUPLEMENTO ALIMENTAR | ||
| 650 | _aVITAMINA E | ||
| 650 | _aOLEO ESSENCIAL | ||
| 650 | _aANTIBIOTICO | ||
| 773 | 0 |
_tCiencia Rural (Brazil) _xISSN 0103-8478 _g(Dec 2013), v. 43(12) p. 2228-2233 _wBR2014000825 |
|
| 909 |
_a202311 _bLúcia _c55 _dLúcia Elande |
||
| 942 |
_2AGRIS _n0 _cANA |
||
| 999 |
_c235253 _d235253 |
||